| 000 | 00771nas a2200253 4500 | ||
|---|---|---|---|
| 001 | BR8405488 | ||
| 003 | BR-BrBNA | ||
| 005 | 20231205090035.0 | ||
| 007 | ta | ||
| 008 | 230509b bl.|||p| |||| 00| 00por d | ||
| 040 |
_aBR-BrBNA _bpor _cBiblioteca Nacional de Agricultura |
||
| 041 | _a(Pt) | ||
| 072 | _aL73; L70 | ||
| 100 | 1 | _aJordao, L.P. (ed.) | |
| 245 | 1 | _aSelecao do touro quanto as caracteristicas relacionadas com saude e o manejo do ubere das vacas | |
| 650 | _aTOURO | ||
| 650 | _aVACA | ||
| 650 | _aMAMITE | ||
| 650 | _aGLANDULA MAMARIA | ||
| 650 | _aHIGIENE VETERINARIA | ||
| 773 | 0 |
_tRevista dos Criadores (Brazil) _xISSN 0034-9259 _g(Oct 1984), v. 54(657) p. 47-55 _wBR8405488 |
|
| 909 |
_a202311 _bLúcia _c55 _dLúcia Elande |
||
| 942 |
_2AGRIS _n0 _cANA |
||
| 999 |
_c115739 _d115739 |
||